| 000 | 00687nam a22002177a 4500 | ||
|---|---|---|---|
| 003 | DO-SdBNP | ||
| 005 | 20220520110642.0 | ||
| 007 | ta | ||
| 008 | 110301s2010 dr 000 0 spa d | ||
| 020 | _a9789993424529 | ||
| 040 |
_aDO-SdBNP _bspa _cBNPHU |
||
| 082 | 4 |
_axxxx _bG216 |
|
| 100 | 1 |
_aGarcía Romero, Dinorah _953018 |
|
| 245 | 1 | 4 |
_aUna respuesta para tiempos inestables y transformadores : _bpropuesta socioeducativa del centro cultural poveda / _cDinorah García Romero |
| 260 |
_aSanto Domingo : _bCentro Cultural Poveda, _c2010. |
||
| 300 |
_a83 p. : _c21 cm. |
||
| 500 | _aIncluye notas. | ||
| 590 | _aInventariado, 2022/ YL | ||
| 910 | _aYLockward | ||
| 942 |
_2ddc _cLBS1 |
||
| 999 |
_c51779 _d51779 |
||